| 000 | 00628nam a2200145Ia 4500 | ||
|---|---|---|---|
| 008 | 151213s9999 xx 000 0 und d | ||
| 100 | _aমাও: মো: গোলাম মোস্তফা। | ||
| 245 |
_aহযরত শাহজালাল ও হযরত শাহপরাণ রহ: _cমাও: মো: গোলাম মোস্তফা। |
||
| 260 |
_aঢাকা _bসোলেমানিয়া বুক হাউস। _c2005 |
||
| 300 | _a10980 p. | ||
| 650 | _aBangla | ||
| 650 | _aইসলামী বই | ||
| 700 | _aমাও: মো: গোলাম মোস্তফা। | ||
| 999 |
_c4952 _d4952 |
||